Fictional Characters by Description IV Quiz Stats

 Plays Quiz Updated Jun 21, 2016

Score 0/25 Timer 07:00
0 Plays Today
% Correct
Harry Potter
98.6%
Victor Frankenstein
98.1%
Mary Poppins
95.2%
Ebenezer Scrooge
94.5%
Dr. John Dolittle
94.5%
Mowgli
94.4%
Ali Baba
93.6%
Cruella de Vil
92.3%
Christopher Robin
90.5%
Beowulf
87.2%
Hercule Poirot
83.9%
Sir Wilfred of Ivanhoe
77.5%
Ivan Karamazov
76.7%
% Correct
Lolita
76.3%
Jeeves
75.3%
Natasha Rostova
75.1%
Man Friday
71.9%
Wife of Bath
66.3%
Rebecca
65.5%
Christian
63.7%
Javert
61.4%
Gregor Samsa
56.9%
Sydney Carton
52.8%
Percy Blakeney
52.4%
Dorothea Brooke
48.8%

You're not logged in!

Compare scores with friends on all Sporcle quizzes.
OR
Log In

You Might Also Like...

Show Comments

Extras

Top Quizzes Today


Score Distribution

Your Account Isn't Verified!

In order to create a playlist on Sporcle, you need to verify the email address you used during registration. Go to your Sporcle Settings to finish the process.

Report this User

Report this user for behavior that violates our Community Guidelines.

Details: